Anglicko-slovenský technický slovník
Salvato in:
| Natura: | Libro |
|---|---|
| Lingua: | slovacco |
| Pubblicazione: |
Bratislava
Alfa
1975
|
| Accesso online: | Visualizza in OPAC |
| Tags: |
Nessun Tag, puoi essere il primo ad aggiungerne!!
|
MARC
| LEADER | 00000nam a2200000 a 4500 | ||
|---|---|---|---|
| 005 | 20260127134244.0 | ||
| 008 | 000508e1975 xx g slo c | ||
| 035 | |a vtls008488621 | ||
| 039 | 9 | |a 201608031013 |b msavuk01 |c 200810071014 |d mschk03 |y 200602030201 |z VLOAD | |
| 040 | |a SAVUK |b slo |c SNK |d STUSCHK1 |e AACR2 | ||
| 041 | 1 | |a slo | |
| 245 | 1 | 0 | |a Anglicko-slovenský technický slovník |
| 260 | |a Bratislava |b Alfa |c 1975 | ||
| 910 | |a SCHK95 | ||
| 999 | |c 7989 |d 7989 | ||